000
00198 a2200097 4500
001
44078
100
_a
Gunther J
245
_a
Inside africa
260
_a
London
_b
Hamish
_c
090
_c
27823
_d
27823
942
_a
NUST-CAE
_c
M
_c
19806
999
_c
279151
_d
279151